000 00409cam a22001337a 4500
008 180718b1954 xxu||||| |||| 00| 0 eng d
082 _aCox931 R576
100 _aRobson, John Lochiel
245 _aNew Zealand: the development of its alws and constitution
_cby John Lochiel Robson
260 _aLondon
_bStevens
_c1954
300 _a384p
650 _aLaw --New Zealand --History
650 _aLaw --New Zealand
999 _c423290
_d423290